000 00643nam a22001937a 4500
999 _c195269
_d195269
005 20230317121212.0
010 _aENG-136436
020 _c250.00
_a9789388805117
035 _aEN-119968
037 _bDBAD/PUB
082 _a331.2046
100 _aSatheeskumar,L
245 _aHRM Practices In Private Sugar Mills /
_cBy L. Satheeskumar
250 _aFirst
260 _bArchers & Elevators Publishing House
_aBangalore
_c2018
270 _a131 AGB Lay Out, 6"Cross, Hesaraghatta,Main Road
_bBangalore
_e560090
_k9164362263
_marcherselevators@gamail.com
300 _a150p.
_c23cm(pbk)
942 _2ddc
_cEN
_h331.2046
_mHRM